Seis estudios de psicología
-д хадгалсан:
| Үндсэн зохиолч: | |
|---|---|
| Формат: | Ном |
| Хэл сонгох: | испани |
| Хэвлэсэн: |
Barcelona
Seix Barral
1975
|
| Хэвлэл: | 8a. ed |
| Цуврал: | Biblioteca Breve Seix Barral, 247
|
| Нөхцлүүд: | |
| Шошгууд: |
Шошго нэмэх
Шошго байхгүй, Энэхүү баримтыг шошголох эхний хүн болох!
|
MARC
| LEADER | 00000nam a2200000 a 4500 | ||
|---|---|---|---|
| 001 | UCW4660 | ||
| 003 | CL-VaPUC | ||
| 008 | 900612e19750000SP |||||||||||||||||spa|d | ||
| 082 | 0 | 4 | |a 155.4 |b PIA |2 21 |
| 100 | 0 | |a Piaget, Jean |e author |9 308149 | |
| 245 | 1 | 0 | |a Seis estudios de psicología |
| 250 | |a 8a. ed | ||
| 300 | |a 227 p | ||
| 942 | |c BK | ||
| 945 | |d 19900612 00:00:00 | ||
| 260 | |a Barcelona |b Seix Barral |c 1975 | ||
| 650 | 0 | |a Psicología |9 257863 | |
| 650 | 0 | |a Psicología del niño |9 307305 | |
| 583 | |a last modification |c 20130106 10:50:26 |k Rodrigo Vera | ||
| 490 | 0 | |a Biblioteca Breve Seix Barral, 247 | |
| 999 | |c 218328 |d 218326 | ||
| 952 | |0 0 |1 0 |4 0 |6 155_400000000000000_PIA_1975 |7 0 |8 P |9 207711 |a BIBEDU |b BIBEDU |c BIBEDU_PB |d 2019-11-15 |i 2755343 |l 1 |o 155.4 PIA 1975 |p 2755343 |r 2024-01-25 |s 2023-10-06 |w 2019-11-15 |y BK |k EDU | ||
| 952 | |0 0 |1 0 |4 0 |6 155_400000000000000_PIA_1975 |7 0 |8 P |9 207712 |a BIBEDU |b BIBEDU |c BIBEDU_PB |d 2019-11-15 |i 1545248 |o 155.4 PIA 1975 |p 1545248 |r 2024-01-25 |w 2019-11-15 |y BK |k EDU | ||
| 952 | |0 0 |1 0 |4 0 |6 155_400000000000000_PIA_1975 |7 0 |8 P |9 207713 |a BIBEDU |b BIBEDU |c BIBEDU_PB |d 2019-11-15 |i 1545256 |o 155.4 PIA 1975 |p 1545256 |r 2024-01-25 |w 2019-11-15 |y BK |k EDU | ||
| 952 | |0 0 |1 0 |4 0 |6 155_400000000000000_PIA_1975 |7 0 |8 P |9 207714 |a BIBEDU |b BIBEDU |d 2019-11-15 |i 1567039 |o 155.4 PIA 1975 |p 1567039 |r 2024-01-25 |w 2019-11-15 |y BK |k EDU | ||